NASCAR Laps Led - Last 10 Years - Statistics

General Stats
  • This quiz has been taken 458 times
    49 since last reset
  • The average score is 40 of 61
Answer Stats
Laps Led Driver % Correct
1669 Kurt Busch
100%
8489 Kyle Busch
100%
8710 Denny Hamlin
94%
10193 Kyle Larson
94%
5102 Ryan Blaney
94%
6387 Joey Logano
89%
5505 Brad Keselowski
86%
5980 Chase Elliott
86%
2717 Christopher Bell
86%
1232 Jimmie Johnson
86%
7201 Kevin Harvick
86%
10290 Martin Truex Jr.
86%
4308 William Byron
86%
1530 Alex Bowman
80%
708 Austin Cindric
80%
100 Dale Earnhardt Jr
80%
1801 Ross Chastain
80%
482 Austin Dillon
77%
1048 Bubba Wallace
77%
907 Daniel Suarez
77%
1387 Matt Kenseth
77%
609 Michael McDowell
77%
371 Shane van Gisbergen
77%
861 Chris Buescher
74%
185 Ryan Newman
74%
106 Ty Dillon
74%
1812 Tyler Reddick
74%
138 Carson Hocevar
71%
1409 Chase Briscoe
71%
835 Ty Gibbs
71%
164 Todd Gilliland
69%
36 Tony Stewart
69%
316 Josh Berry
66%
22 Noah Gragson
66%
559 Ricky Stenhouse Jr
66%
309 Ryan Preece
66%
837 Erik Jones
63%
73 Harrison Burton
63%
236 AJ Allmendinger
60%
918 Carl Edwards
60%
41 Cody Ware
57%
71 Kasey Kahne
57%
31 Zane Smith
57%
74 John Hunter Nemechek
54%
18 Regan Smith
54%
974 Aric Almirola
51%
933 Clint Bowyer
51%
37 Danica Patrick
51%
43 Greg Biffle
51%
36 Jamie McMurray
51%
103 Justin Haley
51%
39 Cole Custer
46%
178 Corey LaJoie
46%
18 David Ragan
40%
332 Matt DiBenedetto
34%
50 Paul Menard
34%
42 Trevor Bayne
31%
37 Daniel Hemric
29%
18 BJ McLeod
26%
25 Anthony Alfredo
17%
35 Landon Cassill
17%
No matching quizzes found
Score Distribution
Percent of People with Each Score
Percentile by Number Answered
Your Score History
You have not taken this quiz since the last reset